000 00447nam a2200181Ia 4500
001 423
005 20260306140516.0
008 260306t2022||||xx |||||||||||||| ||spa||
041 _aESP
082 _a111.85
_bP645
100 _aPiñero Moral, Ricardo,
_eAUT
245 0 _aEl arte de mirar :
_bla trascendencia de la belleza
260 _c2022
300 _a110 páginas :
_c19 cm.
650 _aGEN
654 _aCHU
942 _cLIB
_dJUS
_fJUS
_2ddc
_n
999 _c423
_d423